Inter Wyjściowa 11 Finał Ligi Mistrzów 2022/23 - Statystyki

Ogólne statystyki
  • Ten quiz został rozwiązany 81 razy
  • Średni wynik to 9 z 16
Statystyki odpowiedzi
Taktyka Pozycja Piłkarz Numer % Poprawnych
3-5-2 ST Lautaro Martinez 10
93%
GK Andre Onana 24
88%
CM Nicoló Barella 23
85%
Rez ST Romelu Lukaku 90
85%
LWB Federico Di Marco 32
81%
RWB Denzel Dumfries 2
74%
CB Alessandro Bastoni 95
72%
ST Edin Dzeko 9
71%
CM Hakan Calhanoglu 20
65%
CB Francesco Acerbi 15
61%
CB Matteo Darmian 36
57%
CM Marcelo Brozović 77 (c)
49%
Rez RWB Robin Gosens 8
21%
Rez CB Raoul Bellanova 12
15%
Rez CB Danilo D’Ambrosio 33
13%
Rez CM Henrich Mychitarian 22
10%
Nie znaleziono quizów pasujących do podanych kryteriów
Rozkład punktacji
Procent ludzi z każdym wynikiem
Percentyl według liczby udzielonych odpowiedzi
Twoja historia wyników
Nie rozwiązałeś tego quizu